000 00775nam a2200265Ia 4500
001 21842
005 20260320113317.0
008 260320s9999||||xx |||||||||||||| ||und||
020 _a9786123226350
041 _aESP
082 _a345.726
_bA81
100 _aAsencios Mallqui, Yoffan,
_eAUT
245 0 _aLa valoración probatoria en la corte suprema
_b
246 _a
_5
_b
250 _aPrimera edición
260 _aLima :
_bInstituto Pacífico,
_c2025
300 _a415 páginas :
_b
_c25 cm.
_e
440 _a
_n
_v
650 _aCIS
653 _aDerecho; Derecho procesal civil; Valoración probatoria
654 _aDER
700 _a
_c
856 _uhttps://app-vlex-com.ucsp.lookproxy.com/
_zVéase además: Base de datos Vlex
942 _cLIB
_dJUS
_fTRC
_2ddc
_n
999 _c21842
_d21842